[Event "IX Torneo Banco di Roma A"]
[Site "Roma ITA"]
[Date "1985.02.??"]
[Round "3"]
[White "Arlandi, Ennio"]
[Black "Gross, Stefan"]
[WhiteElo "2310"]
[BlackElo "2435"]
[Result "1-0"]
[PlyCount "83"]
[EventDate "1985.02.16"]

1. d4 d5 2. c4 dxc4 3. Nf3 a6 4. e3 Bg4 5. Bxc4 e6 6. h3 Bh5 7. Nc3 Nc6 8. O-O
Nf6 9. Be2 Bd6 10. b3 O-O 11. Bb2 Qe8 12. Nd2 Bxe2 13. Nxe2 b5 14. a3 e5 15.
Qc2 exd4 16. Nxd4 Nxd4 17. Bxd4 Qe7 18. Bxf6 Qxf6 19. Ne4 Qg6 20. Rfc1 Be5 21.
Ra2 f5 22. Nc5 Rf7 23. a4 Raf8 24. axb5 axb5 25. Nd3 Bd6 26. Qc6 b4 27. Qc4 Kh8
28. Ra6 Rf6 29. Nf4 Qe8 30. Ra5 Qe4 31. Nd5 R6f7 32. Ra4 Qe5 33. g3 c5 34. Nf4
Qe7 35. Rd1 g5 36. Ne6 Re8 37. Nxg5 Rg7 38. Rxd6 Qxg5 39. Qxc5 Qh5 40. Qd4 Kg8
41. Rd8 Rge7 42. Raa8 1-0

[Event "IX Torneo Banco di Roma A"]
[Site "Roma ITA"]
[Date "1985.02.??"]
[Round "3"]
[White "Cebalo, Miso"]
[Black "Tatai, Stefano"]
[WhiteElo "2485"]
[BlackElo "2475"]
[Result "1-0"]
[PlyCount "93"]
[EventDate "1985.02.16"]

1. d4 Nf6 2. c4 e6 3. Nc3 Bb4 4. e3 O-O 5. Bd3 d5 6. Nge2 c5 7. cxd5 cxd4 8.
exd4 Nxd5 9. O-O Nc6 10. Bc2 Be7 11. Qd3 g6 12. a3 Bf6 13. Bh6 Bg7 14. Bxg7
Kxg7 15. Rfd1 Nce7 16. Bb3 Qb6 17. Nxd5 Nxd5 18. Qg3 Rd8 19. Rac1 Bd7 20. Bxd5
exd5 21. Nf4 Ba4 22. b3 Qxb3 23. Nh5+ Kf8 24. Qe5 Qxd1+ 25. Rxd1 Bxd1 26. Nf6
Bb3 27. Nxh7+ Kg8 28. Nf6+ Kf8 29. h4 Rac8 30. g4 Rc6 31. h5 gxh5 32. gxh5 Re6
33. Qg5 Rdd6 34. Nh7+ Ke8 35. Qg8+ Ke7 36. Qf8+ Kd7 37. Qxf7+ Kc6 38. Ng5 Rf6
39. Qe8+ Kb6 40. Qe7 Bd1 41. Nf7 Rfe6 42. Qf8 Rc6 43. Nd8 Bxh5 44. Nxe6 Rxe6
45. Qc5+ Ka6 46. Qxd5 Rg6+ 47. Kf1 1-0

[Event "IX Torneo Banco di Roma A"]
[Site "Roma ITA"]
[Date "1985.02.??"]
[Round "7"]
[White "Tatai, Stefano"]
[Black "Sax, Gyula"]
[WhiteElo "2475"]
[BlackElo "2565"]
[Result "0-1"]
[PlyCount "74"]
[EventDate "1985.02.16"]

1. d4 Nf6 2. c4 e6 3. Nc3 Bb4 4. e3 O-O 5. Bd3 d5 6. Nge2 dxc4 7. Bxc4 e5 8. a3
Bd6 9. dxe5 Bxe5 10. Qxd8 Rxd8 11. e4 h6 12. f3 Nc6 13. Be3 Na5 14. Ba2 Be6 15.
Bxe6 fxe6 16. Rd1 Nc4 17. Bc1 c5 18. Rxd8+ Rxd8 19. Kf2 Bxc3 20. Nxc3 Nxb2 21.
Ke2 Nc4 22. a4 Kf7 23. Nb5 a6 24. Na3 Na5 25. Be3 Nd7 26. Rb1 b6 27. Bd2 Nc6
28. Bc3 e5 29. Nc4 Rb8 30. g3 Ke6 31. f4 b5 32. axb5 axb5 33. Na5 Nxa5 34. Bxa5
b4 35. Kd3 Kd6 36. Kc4 Kc6 37. Rd1 Ra8 0-1